Métro parisien : Stations de la ligne 3 - Statistiques

Statistiques générales
  • Ce quiz a été pris 376 fois
  • Le résultat moyen est 17 sur 25
Statistiques - réponses
Station Correspondances % Correct
Saint-Lazare
91%
République
88%
Opéra
84%
Villiers
83%
Gallieni
80%
Père Lachaise
79%
Arts et Métiers
74%
Havre - Caumartin
72%
Réaumur - Sébastopol
72%
Europe
71%
Gambetta
69%
Sentier
68%
Porte de Champerret
66%
Bourse
65%
Wagram
65%
Louise Michel
62%
Pont de Levallois - Bécon
61%
Pereire
60%
Quatre-Septembre
59%
Anatole France
58%
Malesherbes
57%
Parmentier
55%
Porte de Bagnolet
55%
Temple
54%
Rue Saint-Maur
47%
Aucun quiz correspondant
Distribution des résultats
% des personnes avec chaque résultat
Percentile par nombre de réponses
Votre historique - résultats
Vous n’avez pas pris ce quiz